Ruské konversační texty. Část 1 /

Hlavní autor: Šourková, Anna, 1909-
Korporativní autor: Vysoká škola ruského jazyka a literatury v Praze
Další autoři: Rudolfová, Lubomíra, 1924-
Jazyk: Čeština
Vydáno: Praha : SPN, 1956
Vydání: 1. vyd.
Edice: Učební texty vysokých škol
Témata:
Fyzický popis: 119 s.
Knihy
Uloženo v:
LEADER 01012nam a22002772a 4500
001 000804326
003 CZ BrMZK
005 20241115113241.0
007 ta
008 060105s1956 xr er|||||||||||cze d
015 |a cnb000723085 
035 |a (OCoLC)85453921 
040 |a BOA001  |b cze 
100 1 |a Šourková, Anna,  |d 1909-  |7 jk01130787  |4 aut 
245 1 0 |a Ruské konversační texty.  |n Část 1 /  |c vyprac. Anna Šourková a L. Rudolfová 
250 |a 1. vyd. 
260 |a Praha :  |b SPN,  |c 1956 
300 |a 119 s. 
490 1 |a Učební texty vysokých škol 
700 1 |a Rudolfová, Lubomíra,  |d 1924-  |7 jk01103030  |4 aut 
710 2 |a Vysoká škola ruského jazyka a literatury v Praze  |7 kn20010710389 
810 2 |a Vysoká škola ruského jazyka a literatury v Praze.  |t Učební texty  |0 s 
910 |a BOA001  |b PK-N-0002.115,1 
964 |a Ruština - konverzace - učebnice - školy vysoké 
990 |a BK 
996 6 |b BC-255271  |c PK-N-0002.115,1  |l MZK  |r Sklad / do 1 hodiny  |n 0  |w 000804326  |u 000010  |a 1  |e BOA001  |j MZK50  |s P